Élimination par catégorie - football (partie 2) - Statistiques

Statistiques générales
  • Ce quiz a été pris 25 154 fois
    5 767 depuis la dernière actualisation
  • Le résultat moyen est 7 sur 10
Statistiques - réponses
# Catégorie % Correct
30 Joueurs de Chelsea (2024/25) (équipe première masculine)
96%
13 ... n'est ni anglais ni français
84%
24 Joueurs de PSG (2024/25) (équipe première masculine)
82%
10 ... est né en France
82%
5 ... a une valeur marchande de plus de €10 millions (février 2025)
81%
3 ... a moins de 25 ans
78%
5 ... est un attaquant
70%
1 ... et transféré au PSG en 2024 Doué
63%
3 ... est plus grand que 180 cm
57%
1 ... et a joué pour un club avec plus de trophées de ligue des champions que Chelsea Guiu
11%
Aucun quiz correspondant
Distribution des résultats
% des personnes avec chaque résultat
Percentile par nombre de réponses
Votre historique - résultats
Vous n’avez pas pris ce quiz depuis la dernière actualisation